Регионална библиотека "Любен Каравелов" - Русе

Munkak, le petit macaque (Запис номер 139672)

MARC детайли
000 -Лидер
Контролно поле с фиксирана дължина 01979nam a2200433 a 4500
003 - Код на организацията, давaща контролен номер
Контролно поле BLK
005 - Дата и час на последна редакция
Контролно поле 20250330004155.0
008 - Елементи от данни с фиксирана дължина
fixed length control field 180409b bul|||||r ||||||| ||bul||
010 ## - Наследен системен номер
LC control number KNG00145722000
040 ## - Източник на каталожния запис
Идентификатор на билиотеката - собственик на записа BLK
041 ## - Код за език
Код за езика на текст/звукозапис или на отделно заглавие Френски
Код за езика КДБФ Френски
080 ## - УДК
Текстов определител УДК Българска литература
УДК код - определител по УДК 821.163.2
УДК определител -93-1
УДК - код + определител 821.163.2-93-1
080 ## - УДК
Текстов определител УДК Българска литература
УДК код - определител по УДК 821.163.2
УДК определител -93-34
УДК - код + определител 821.163.2-93-34
100 1# - Редна дума - Автор
Автор Zidarov, Nikolai
Авторска отговорност първи автор
R(LIN) 326802
139 ## - Редно поле
Редна дума Zidarov, Nikolaj
Авторски знак Zi - Z 63
245 10 - Сведения за заглавието
Заглавие Munkak, le petit macaque
Подзаглавни данни Приказка в стихове
Редно поле (дума) Nikolai Zidarov; adapt. Ivan Obbov; ill. Stoian Anastassov; Николай Зидаров; * Stojan Anastasov; Стоян Анастасов; Иван Обов; Nikolaj Zidarov; Николай Иванов Маринов.
257 ## - Страна на издаване
Страна на създаване/издаване България
260 ## - Област на издателските данни
Име на издателя, разпространителя и проч. Sofia-Presse
Година на издаване 1974
Място на издаване, разпространение и проч. София
300 ## - Физическа характеристика
Страници 20 с.
Илюстрации и др. с ил.
Размери/Мащаб 31 см
380 ## - Жанр
Жанр Детска худож. лит.
500 ## - Общи забележки
Забележка Николай Зидаров - псевд. на Николай Иванов Маринов. - Ориг. загл. Мунка, малката маймунка. - В кн. авт. Nikolai Zidarov. - 10 000 тир.
653 ## - Ключова дума – ненормативна
Ключова дума литература за деца
653 ## - Ключова дума – ненормативна
Ключова дума детска литература
700 1# - Други автори (авторска отговорност)
Лично име Obbov, Ivan
Автороска отговорност (Описва отношението между автора и произведението) adapt.
9 (RLIN) 20100
700 1# - Други автори (авторска отговорност)
Лично име Anastassov, Stoian
Автороска отговорност (Описва отношението между автора и произведението) ill.
9 (RLIN) 326817
700 ## - Други автори (авторска отговорност)
Лично име Зидаров, Николай
Дати, свързани с автора 1921-2007
Пълна форма на името Маринов, Николай Иванов
9 (RLIN) 376528
700 1# - Други автори (авторска отговорност)
Лично име Anastasov, Stojan
Автороска отговорност (Описва отношението между автора и произведението) *
9 (RLIN) 376978
700 1# - Други автори (авторска отговорност)
Лично име Анастасов, Стоян
Автороска отговорност (Описва отношението между автора и произведението) *
9 (RLIN) 367335
700 1# - Други автори (авторска отговорност)
Лично име Обов, Иван
Автороска отговорност (Описва отношението между автора и произведението) *
9 (RLIN) 326818
700 1# - Други автори (авторска отговорност)
Лично име Zidarov, Nikolaj
Автороска отговорност (Описва отношението между автора и произведението) *
9 (RLIN) 326751
700 1# - Други автори (авторска отговорност)
Лично име Маринов, Николай Иванов
Автороска отговорност (Описва отношението между автора и произведението) *
9 (RLIN) 321007
852 ## - Местоположение
Форматна сигнатура Цб ІІ 18148
856 4# - Електронен адрес и достъп
Електронен формат pdf - файл
856 4# - Електронен адрес и достъп
Електронен формат pdf - файл
999 ## - СИСТЕМНИ КОНТРОЛНИ НОМЕРА
Koha biblionumber 139672
Koha biblioitemnumber 139672
942 ## - АРТИКУЛИ
Вид на библиотечния материал Книги
Скрит в OPAC Не
Периодичен библиозапис Да
944 ## - СЪЗДАВАНЕ И РЕДАКЦИЯ на ЗАПИСА
Създаване/Редакция Създаване
Дата на регистрацията/редакция 12.07.2013
Статус, дата на статуса CRON CRON
Служител, извършил регистрацията/редакцията
944 ## - СЪЗДАВАНЕ И РЕДАКЦИЯ на ЗАПИСА
Създаване/Редакция Редакция
Дата на регистрацията/редакция 12.07.2013
Статус, дата на статуса 12.07.2013 - от С1,Р / 12.07.2013
999 ## - СИСТЕМНИ КОНТРОЛНИ НОМЕРА
Koha biblioitemnumber 139672
Наличности
Код за отписване Код за изгубен артикул Източник на класификационната схема Код за повреда Коз за рестрикции Код за отдаване Артикулен № Име на библиотеката - собственик Име на библиотеката, в която се намира в момента Статус (Текущо местоположение) Дата на вписване в системата Местоположение - отдел Цена в лева Инвентарен номер Систематично азбучна сигнатура Баркод Номер на екземпляра Цена в евро Служебна бележка Служебен тип на артикула
  Не е изгубен Universal Decimal Classification Не е повреден само за читалня ползва се в читалня 228805 Регионална библиотека "Любен Каравелов" Русе Регионална библиотека "Любен Каравелов" Русе Хранилище 1974-01-01 Хранилище 0.32 168726 Цб ІІ 18148 120000168726 1 0.16 N: стар фонд Дата: 01.01.1974 Книги
Vip Innovations Ltd, Rousse, Bulgaria 2025